000 00708nam a2200289Ia 4500
005 20260324143315.0
008 008 260324s9999 xx 000 0 eng d
020 _a9781351070270
037 _aEBOOK
040 _aCRL
040 _beng
040 _cCRL
041 _2eng
041 _aeng
084 _qCRL
100 _aRobert J Huggett
_91215167
245 0 _aBiomarkers
245 0 _bBiochemical, Physiological, and Histological Markers of Anthropogenic Stress
260 _bTaylor and Francis
260 _c1992
365 _a
365 _b435
856 _uhttp://www.taylorfrancis.com/books/9781351070270
942 _cEBOOK
999 _c1820379
_d1820379